Amigos do Peito (Registo nº 1119)
[ vista simples ]
| 000 -Etiqueta do registo | |
|---|---|
| Cabeçalho | 01315nlm0a2200313 i 4500 |
| 005 - Identificador da versão | |
| Campo de controlo | 20240813121826.0 |
| 071 0# - Número do editor (registos sonoros e música) | |
| Número do editor | 11319/07 |
| 100 ## - Dados gerais de processamento | |
| Dados gerais de processamento | 20100512d19982007a y0pory5003 ba |
| 102 ## - Pais de publicação ou produção | |
| País de publicação | Portugal |
| 101 0# - Língua de publicação | |
| Língua do texto, banda sonora, etc. | Inglês |
| Língua das legendas | Português |
| 115 ## - Campo de dados codificados: Projecções Visuais, Filmes e Vídeos | |
| Dados modificados - geral | a06 bbzzzbz ezxxc |
| 215 ## - Descrição física | |
| Indicação específica da natureza do documento e extensão da espécie | 1 DVD (PAL 2) ( 6 min.) |
| Outras indicações físicas | col., son. |
| Dimensões | 12 cm |
| 200 1# - Titulo e menção de responsabilidade | |
| Título próprio | Amigos do Peito |
| Indicação geral da natureza do documento | Registo Vídeo |
| Primeira menção de responsabilidade | real. Bob Browning |
| 225 2# - Colecção | |
| Título próprio da colecção | Filmes Educativos |
| 210 ## - Publicação, Distribuição, etc. | |
| Lugar da edição, distribuição, etc. | PT |
| Nome do editor, distribuidor, etc. | [distrib.] Flaminia |
| Data da publicação, distribuição, etc. | 2007 |
| 322 ## - Nota aos responsáveis artísticos e técnicos (material de projecção e video e registos sonoros) | |
| Texto da nota | Créditos: Produção: Office National du Canada; Música, Donald Douglas; Revisão Científica, Cunha Pereira; Vozes, António Montez, Rui Luís Brás, Helena Montez, Manuela Couto. |
| 305 ## - Notas relativas à edição e história bibliográfica da publicação | |
| Texto da nota | Data lançamento: 2007 |
| 333 ## - Nota relativa aos potenciais utilizadores | |
| Texto da nota | Classificação: M4 |
| 330 ## - Sumário ou Resumo | |
| Texto da nota | Resumo: Entendendo o corpo como nosso melhor amigo, este filme de animação concebido para crianças e jovens promove a prevenção do tabagismo, bem como atitudes saudáveis no âmbito da Educação para a Saúde |
| 327 1# - Nota de conteúdo | |
| Texto da nota | Conteúdo: Idiomas: Português, Inglês; Guião de exploração pedagógica; Capítulos; Galeria de Imagens |
| 606 ## - Nome comum usado como assunto | |
| Número de registo de entrada de autoridade | 0001509 |
| Palavra de ordem | Filme |
| Subdivisão de assunto | Animação |
| 610 2# - Termos de indexação não controlados | |
| Subject Term | DVD cinema |
| 675 ## - Classificação Decimal Universal (CDU) | |
| Notação | 791.228 |
| Edição | BN |
| Língua da edição | por |
| 942 ## - Elementos de entrada adicionados (Koha) | |
| Tipo de item no Koha | Livro |
| Situação do levantamento | Origin of item (home branch) (coded) | Biblioteca de empréstimo | Código de barras | Cota | Circulation type (not for loan) | Tipo de documento | Nota do exemplar | Damaged status |
|---|---|---|---|---|---|---|---|---|
| Biblioteca Escolar Eng. Nuno Mergulhão | Biblioteca Escolar Eng. Nuno Mergulhão | BENM2026 | 2026 DVD | DVD | Sem mensagem |
